000 00267nam a22001217a 4500
008 170511b xxu||||| |||| 00| 0 eng d
041 _aeng
080 _a343.9
100 _a15
101 _aSHJ
245 _aCRMINAL INVESTIGATION
_cOSTERBURG.J.W
942 _2udc
_cBK
999 _c13117
_d13117